000 00606nam a22001937a 4500
005 20251108174640.0
008 250721s2006 xx 000 0 ara d
082 1 4 _aط/664.752/ليم
100 1 _aليموزان، أوديل
245 1 0 _aالخبز : غذاء الملايين /
264 1 _aالجزائر :
_bمنشورات الشهاب،
_c2006.
300 _a35ص.
650 1 7 _aالخبز
650 1 7 _aصناعه الخبز
653 _aاطفال مرحله متوسطه (6-9)سنوات
700 1 _aتادرس، أريت فايز
_eمترجم
942 _2ddc
_cBK
999 _c114466
_d114466